000 00637nam a2200169 i 4500
001 182375
003 ES-MaACL
005 20240514145559.0
008 130807q19001950sp |||| | spa d
100 1 _aGómez de la Serna, Ramón,
_d1888-1963
_957901
245 1 0 _aRuskin, el apasionado /
_cpor Ramón Gómez de la Serna.
260 _aValencia :
_bF. Sempere,
_c[19-?]
300 _a109 p., [1] h. de lám. ;
_c19 cm.
600 0 4 _aRuskin, John,
_d1819-1900
_xCrítica e interpretación
_9101027
852 _aES-MaACL
_j2320-F-7
_z.- Donat. herederos de la bibl. de Mª del Pilar Costa Enciso
999 _c182375
_d182375